000 00462cam a2200205ua 4500
001 8704
005 20260515114352.0
008 150212n ii |||gr||||Z||||||eng
020 _a9788182250307
040 _cMAIN
041 _aeng
082 _a823S
100 _aTolstoy, L.,
_eAuthor.
245 1 _aWar & Peace
_cBy Leo Tolstoy
250 _a1st.
260 _aNew Delhi:
_bShrijee,
_c2002.
300 _a780p.
653 _aEnglish fiction
942 _cBK
999 _c7795
_d7795